MARC details
| 000 -LEADER |
| fixed length control field |
01281cam a2200361 a 4500 |
| 001 - CONTROL NUMBER |
| control field |
3542906 |
| 003 - CONTROL NUMBER IDENTIFIER |
| control field |
GZU |
| 005 - DATE AND TIME OF LATEST TRANSACTION |
| control field |
20240402123100.0 |
| 008 - FIXED-LENGTH DATA ELEMENTS--GENERAL INFORMATION |
| fixed length control field |
970416s1998 mdua bf 001 0 eng c |
| 010 ## - LIBRARY OF CONGRESS CONTROL NUMBER |
| LC control number |
97019246 |
| 020 ## - INTERNATIONAL STANDARD BOOK NUMBER |
| International Standard Book Number |
0683402064 |
| 022 ## - INTERNATIONAL STANDARD SERIAL NUMBER |
| International Standard Serial Number |
No number |
| 040 ## - CATALOGING SOURCE |
| Original cataloging agency |
DNLM/DLC |
| Transcribing agency |
DLC |
| Modifying agency |
DLC |
| -- |
WaU |
| 050 00 - LIBRARY OF CONGRESS CALL NUMBER |
| Classification number |
R119 |
| Item number |
AME 1998 |
| 060 10 - NATIONAL LIBRARY OF MEDICINE CALL NUMBER |
| Classification number |
WZ 345 A511 1997 |
| 082 00 - DEWEY DECIMAL CLASSIFICATION NUMBER |
| Classification number |
808/.06661 |
| Edition number |
21 |
| 245 00 - TITLE STATEMENT |
| Title |
American Medical Association manual of style: |
| Remainder of title |
a guide for authors and editors. |
| 246 33 - VARYING FORM OF TITLE |
| Title proper/short title |
Guide for authors and editors |
| 250 ## - EDITION STATEMENT |
| Edition statement |
Nineth edition |
| Remainder of edition statement |
Cheryl Iverson (chair) ... [et al.]. |
| 260 ## - PUBLICATION, DISTRIBUTION, ETC. |
| Place of publication, distribution, etc. |
Baltimore: |
| Name of publisher, distributor, etc. |
Williams & Wilkins, |
| Date of publication, distribution, etc. |
c1998. |
| 300 ## - PHYSICAL DESCRIPTION |
| Extent |
xi, 660pages: |
| Other physical details |
illustrations; |
| Dimensions |
26cm. |
| 504 ## - BIBLIOGRAPHY, ETC. NOTE |
| Bibliography, etc. note |
Includes bibliographical references and index. |
| 505 ## - FORMATTED CONTENTS NOTE |
| Statement of responsibility |
No statement of responsibility |
| 520 ## - SUMMARY, ETC. |
| Summary, etc. |
Manual of style |
| 650 #0 - SUBJECT ADDED ENTRY--TOPICAL TERM |
| Topical term or geographic name entry element |
Medical writing |
| Form subdivision |
Handbooks, manuals, etc. |
| 650 #0 - SUBJECT ADDED ENTRY--TOPICAL TERM |
| Topical term or geographic name entry element |
Authorship |
| Form subdivision |
Style manuals. |
| 650 12 - SUBJECT ADDED ENTRY--TOPICAL TERM |
| Topical term or geographic name entry element |
Writing. |
| 700 1# - ADDED ENTRY--PERSONAL NAME |
| Personal name |
Iverson, Cheryl. |
| 710 2# - ADDED ENTRY--CORPORATE NAME |
| Corporate name or jurisdiction name as entry element |
American Medical Association. |
| 906 ## - LOCAL DATA ELEMENT F, LDF (RLIN) |
| a |
7 |
| b |
cbc |
| c |
orignew |
| d |
1 |
| e |
ocip |
| f |
19 |
| g |
y-gencatlg |
| 942 ## - ADDED ENTRY ELEMENTS (KOHA) |
| Source of classification or shelving scheme |
Library of Congress Classification |
| Koha item type |
Books |
| Edition |
Nineth edition |
| Classification part |
119 |
| Item part |
AME |
| Call number prefix |
R |